Vista normal Vista MARC

Entrada Topical Term

Número de registros utilizados en: 1

001 - CONTROL NUMBER

  • control field: 69457

003 - CONTROL NUMBER IDENTIFIER

  • control field: OSt

005 - DATE AND TIME OF LATEST TRANSACTION

  • control field: 20260316214504.0

008 - FIXED-LENGTH DATA ELEMENTS

  • fixed length control field: 260316|| aca||aabn | a|a d

040 ## - CATALOGING SOURCE

  • Original cataloging agency: OSt
  • Transcribing agency: OSt

150 ## - HEADING--TOPICAL TERM

  • Topical term or geographic name entry element: Fútbol
  • Form subdivision: Reglamentos

670 ## - SOURCE DATA FOUND

  • Source citation: Work cat.: (OSt)60683: Sumpter, David J. T., 1973- aut 69455, Fútbol y matemáticas :









Instituto Departamental de Cultura del Meta - Red Departamental de Bibliotecas Públicas del Meta.